Cơ học lý thuyết : Đề thi-đáp án 1989-1997 & bài tập chọn lọc
Sách giới thiệu tuyển tập 27 đề thi và các bài giải các kỳ thi Ôlympic cơ học toàn quốc từ năm 1989 đến 1997
שמור ב:
| מחבר ראשי: | |
|---|---|
| פורמט: | ספר |
| שפה: | Undetermined |
| יצא לאור: |
Hà Nội
Khoa học Kỹ thuật
1998
|
| נושאים: | |
| תגים: |
הוספת תג
אין תגיות, היה/י הראשונ/ה לתייג את הרשומה!
|
| Thư viện lưu trữ: | Trung tâm Học liệu Trường Đại học Cần Thơ |
|---|
| LEADER | 00820nam a2200229Ia 4500 | ||
|---|---|---|---|
| 001 | CTU_148285 | ||
| 008 | 210402s9999 xx 000 0 und d | ||
| 020 | |c 20000 | ||
| 082 | |a 531.076 | ||
| 082 | |b S107 | ||
| 100 | |a Đỗ, Sanh | ||
| 245 | 0 | |a Cơ học lý thuyết : | |
| 245 | 0 | |b Đề thi-đáp án 1989-1997 & bài tập chọn lọc | |
| 245 | 0 | |c Đỗ Sanh (chủ biên)...[et al.] | |
| 260 | |a Hà Nội | ||
| 260 | |b Khoa học Kỹ thuật | ||
| 260 | |c 1998 | ||
| 520 | |a Sách giới thiệu tuyển tập 27 đề thi và các bài giải các kỳ thi Ôlympic cơ học toàn quốc từ năm 1989 đến 1997 | ||
| 650 | |a Mechanics | ||
| 650 | |x Problems, exercises | ||
| 904 | |i Năm | ||
| 980 | |a Trung tâm Học liệu Trường Đại học Cần Thơ | ||